| 000 | 01110cam a2200277 i 4500 | ||
|---|---|---|---|
| 003 | SA-RiAUC | ||
| 005 | 20240915135345.0 | ||
| 008 | 240912s1998 le g 00000 ara c | ||
| 040 |
_aSA-RiAUC _bara _cSA-RiAUC _erda |
||
| 043 |
_aap----- _aar----- |
||
| 082 | 0 | 4 | _a910.41 |
| 090 |
_a910.41 _bب س ا |
||
| 100 | 1 |
_aالبسام، خالد، _d1956-2015 _eمؤلف. |
|
| 245 | 1 | 0 |
_aصدمة الاحتكاك : _bحكايات الإرسالية الأمريكية في الخليج والجزيرة العربية 1892-1925 / _cإعداد وترجمة خالد البسام. |
| 250 | _aالطبعة الاولى | ||
| 264 | 1 |
_aبيروت : _bدار الساقي، _c1998 |
|
| 300 |
_a203 صفحة ؛ _c24 سم |
||
| 336 |
_aنص _btxt _2rdacontent _3كتاب |
||
| 337 |
_aبدون وسيط _bn _2rdamedia |
||
| 338 |
_aمجلد _bnc _2rdacarrier |
||
| 650 | 7 |
_aالرحلات _2aucsh |
|
| 650 | 7 |
_aالإرساليات التبشيرية _zدول الخليج العربية _2aucsh |
|
| 651 | 7 |
_aالعالم _xوصف ورحلات _2aucsh |
|
| 942 |
_2ddc _cBOOK |
||
| 949 |
_aSA-JeALM _d240912 _umohamedma123 _n1 |
||
| 999 |
_c242 _d242 |
||